[Event "Thüringenliga 2011/2012"]
[Site "?"]
[Date "2012.04.01"]
[Round "8"]
[White "Neubauer, Ralf"]
[Black "Böhm, Christian"]
[Result "1/2-1/2"]
[WhiteElo "1848"]
[BlackElo "1844"]
[PlyCount "70"]
[EventDate "2011.??.??"]
[WhiteTeam "TSG Apolda"]
[BlackTeam "SV Jenapharm Jena"]

1. d4 d6 2. Nf3 Nf6 3. c4 g6 4. Nc3 Bg7 5. e4 O-O 6. Be2 c5 7. d5 e6 8. O-O
exd5 9. cxd5 Na6 10. h3 Nc7 11. Bf4 Nh5 12. Bg5 f6 13. Be3 f5 14. Bg5 Qd7 15.
Qd2 a6 16. a4 b6 17. Bh6 Nf6 18. Bxg7 Kxg7 19. h4 Rb8 20. Ng5 h6 21. Nh3 Re8
22. Nf4 Qf7 23. Bd3 Nxe4 24. Bxe4 fxe4 25. Rfe1 Bf5 26. g4 Bxg4 27. Nxe4 Rf8
28. Nxd6 Qf6 29. Qc3 Qxc3 30. bxc3 Rxf4 31. Re7+ Kg8 32. Rxc7 Bf3 33. Kh2 Rbf8
34. Re1 Rxh4+ 35. Kg3 g5 1/2-1/2

[Event "Thüringenliga 2011/2012"]
[Site "?"]
[Date "2012.04.01"]
[Round "8"]
[White "Skarus, Steffen"]
[Black "Römer, Norbert"]
[Result "1/2-1/2"]
[WhiteElo "1873"]
[BlackElo "1803"]
[PlyCount "55"]
[EventDate "2011.??.??"]
[WhiteTeam "SV Jenapharm Jena"]
[BlackTeam "TSG Apolda"]

1. c4 e5 2. g3 Nc6 3. Bg2 g6 4. Nc3 Bg7 5. e4 d6 6. Nge2 f5 7. exf5 gxf5 8. O-O
Be6 9. Nd5 Qd7 10. d4 Nd8 11. Bg5 h6 12. Bh4 c6 13. Ne3 Ne7 14. d5 Bf7 15. f4
e4 16. Nd4 c5 17. Ne2 Bh5 18. Bxe7 Kxe7 19. Qc2 Bd4 20. Nxd4 cxd4 21. Nxf5+
Qxf5 22. Bxe4 Qf6 23. Rae1 Kf7 24. Qa4 Kg7 25. Qd7+ Nf7 26. Qh3 Bg6 27. Bxg6
Qxg6 28. Re6 1/2-1/2

[Event "Thüringenliga 2011/2012"]
[Site "?"]
[Date "2012.04.01"]
[Round "8"]
[White "Urban, Lars"]
[Black "Manicke, Hans-Joachim"]
[Result "1-0"]
[WhiteElo "2019"]
[BlackElo "1921"]
[PlyCount "67"]
[EventDate "2011.??.??"]
[WhiteTeam "SV Empor Erfurt"]
[BlackTeam "VfL 1990 Gera"]

1. d4 d5 2. c4 e6 3. Nc3 Nf6 4. cxd5 exd5 5. Bg5 Be7 6. e3 c6 7. Bd3 O-O 8. Qc2
Nbd7 9. Nf3 Re8 10. h3 Nf8 11. Bf4 Ng6 12. Bh2 Bd6 13. Bxd6 Qxd6 14. O-O-O Bd7
15. h4 c5 16. h5 Nf8 17. Ne5 cxd4 18. exd4 Rec8 19. Kb1 Be8 20. Bf5 Rc7 21. Qd3
Ne6 22. g4 Rac8 23. Rc1 b5 24. g5 Nxg5 25. Bxc8 Rxc8 26. Nxb5 Rxc1+ 27. Rxc1
Qb6 28. Nc7 Bd7 29. Nxd7 Nxd7 30. Nxd5 Qd6 31. Ne3 h6 32. Nf5 Qf6 33. Rc8+ Kh7
34. Nh4+ 1-0

[Event "Thüringenliga 2011/2012"]
[Site "?"]
[Date "2012.04.01"]
[Round "8"]
[White "Seidens, Gunter"]
[Black "Michalowski, Peter"]
[Result "1-0"]
[WhiteElo "2017"]
[BlackElo "1980"]
[PlyCount "105"]
[EventDate "2011.??.??"]
[WhiteTeam "VfL 1990 Gera"]
[BlackTeam "SV Empor Erfurt"]

1. d4 Nf6 2. Nf3 e6 3. c4 c5 4. g3 d5 5. cxd5 exd5 6. Bg2 Nc6 7. O-O Bg4 8. Ne5
Bd7 9. Nc3 cxd4 10. Nxc6 bxc6 11. Qxd4 Be7 12. e4 dxe4 13. Nxe4 O-O 14. Be3 Be6
15. Qa4 Bd5 16. Rfd1 Qb8 17. Rd2 Nxe4 18. Bxe4 Qb4 19. Qxb4 Bxb4 20. Rd4 Bc5
21. Ra4 Bxe3 22. fxe3 Bxe4 23. Rxe4 Rfe8 24. Rxe8+ Rxe8 25. Kf2 Rd8 26. Ke2 Kf8
27. Rc1 Rd6 28. Rc5 Ke7 29. Re5+ Kd8 30. Ra5 Rd7 31. Ra6 Rc7 32. Kd3 Kd7 33.
Kd4 f6 34. b3 Kd6 35. Ra5 Rb7 36. Kc4 Re7 37. Kd3 g6 38. g4 h6 39. h4 Rb7 40.
h5 g5 41. Rf5 Ke6 42. Kc4 Rd7 43. Ra5 Rb7 44. b4 Kd6 45. a3 Re7 46. Kd4 Rb7 47.
e4 Re7 48. Rf5 Ke6 49. Rc5 Kd6 50. Ra5 Rb7 51. Ra6 Kd7 52. e5 fxe5+ 53. Kxe5
1-0

[Event "Thüringenliga 2011/2012"]
[Site "?"]
[Date "2012.04.01"]
[Round "8"]
[White "Buckan, Jens"]
[Black "Kretzschmar, Bernd"]
[Result "1-0"]
[WhiteElo "1956"]
[BlackElo "1879"]
[PlyCount "47"]
[EventDate "2011.??.??"]
[WhiteTeam "SV Empor Erfurt"]
[BlackTeam "VfL 1990 Gera"]

1. e4 g6 2. d4 Bg7 3. Be3 d6 4. Nc3 a6 5. a4 b6 6. Bc4 e6 7. Qd2 Nd7 8. Nge2
Bb7 9. O-O Ne7 10. Bh6 O-O 11. Bxg7 Kxg7 12. f4 d5 13. exd5 Nxd5 14. Bxd5 Bxd5
15. Nxd5 exd5 16. f5 Qh4 17. Ra3 Qe7 18. Rh3 h5 19. Nf4 Nf6 20. Nxh5+ Nxh5 21.
f6+ Qxf6 22. Rxf6 Kxf6 23. g4 Ng7 24. Qf4+ 1-0

[Event "Thüringenliga 2011/2012"]
[Site "?"]
[Date "2012.04.01"]
[Round "8"]
[White "Huster, Mike"]
[Black "Pichl, Michael"]
[Result "0-1"]
[WhiteElo "1908"]
[BlackElo "1991"]
[PlyCount "80"]
[EventDate "2011.??.??"]
[WhiteTeam "VfL 1990 Gera"]
[BlackTeam "SV Empor Erfurt"]

1. d4 d6 2. Nf3 g6 3. g3 Bg7 4. Bg2 Nf6 5. O-O O-O 6. c4 Nc6 7. Nc3 a6 8. h3
Rb8 9. a4 Na5 10. Qd3 c5 11. Nd5 Nxd5 12. cxd5 c4 13. Qc3 Nb3 14. Ra3 b5 15.
Rxb3 cxb3 16. Qxb3 Bd7 17. axb5 Rxb5 18. Qd3 Qb6 19. Qe4 Bf6 20. g4 Re8 21. h4
Qb7 22. Ne1 Qc8 23. g5 Qxc1 24. gxf6 exf6 25. Qf3 Kg7 26. e4 Qd2 27. Qg3 Rxb2
28. Qxd6 Bb5 29. Nf3 Qc2 30. e5 Qf5 31. Re1 fxe5 32. dxe5 Re2 33. Rc1 R8xe5 34.
h5 Rxd5 35. h6+ Kxh6 36. Qf8+ Kh5 37. Qb4 Re4 38. Qf8 Rg4 39. Nh2 Rxg2+ 40.
Kxg2 Qg5+ 0-1

[Event "Thüringenliga 2011/2012"]
[Site "?"]
[Date "2012.04.01"]
[Round "8"]
[White "Taudte, Stefan"]
[Black "Richter, Sven"]
[Result "1-0"]
[WhiteElo "2001"]
[BlackElo "1948"]
[PlyCount "149"]
[EventDate "2011.??.??"]
[WhiteTeam "SV Empor Erfurt"]
[BlackTeam "VfL 1990 Gera"]

1. d4 Nf6 2. c4 g6 3. Nc3 Bg7 4. e4 d6 5. h3 Na6 6. Bg5 c5 7. d5 Bd7 8. Bd3 Rb8
9. Nge2 Nc7 10. O-O b5 11. Qd2 h6 12. Be3 Qc8 13. Rab1 bxc4 14. Bxc4 Nb5 15. f4
Nxc3 16. Nxc3 Rb4 17. b3 O-O 18. e5 Ne8 19. Rbe1 Kh7 20. Bf2 Nc7 21. Bh4 f6 22.
exd6 exd6 23. Re7 f5 24. Rfe1 Ne8 25. Nd1 Kh8 26. Rxg7 Kxg7 27. Qc3+ Kg8 28.
Re6 Bxe6 29. dxe6 Rxc4 30. Qxc4 Kh7 31. e7 Rg8 32. Nc3 Rg7 33. Nd5 g5 34. fxg5
hxg5 35. Bxg5 Rxg5 36. Qh4+ Kg6 37. Nf4+ Kf6 38. Qh6+ Kxe7 39. Qxg5+ Kf8 40.
Qh6+ Kg8 41. Qg6+ Kf8 42. Ne6+ Ke7 43. Ng5 Qd7 44. Qf7+ Kd8 45. Ne6+ Kc8 46.
Qxf5 Nc7 47. Ng7 Nb5 48. h4 Nd4 49. Qxd7+ Kxd7 50. Kf2 Ke7 51. g4 Kf6 52. Ne8+
Ke5 53. g5 Ke6 54. g6 Nf5 55. h5 Ke7 56. Nc7 Kf6 57. Kf3 Kg5 58. Ke4 Ne7 59. g7
Kxh5 60. g8=Q Nxg8 61. Kd5 Nf6+ 62. Kxd6 Ne4+ 63. Kc6 a5 64. Ne6 Nc3 65. a4 c4
66. bxc4 Nxa4 67. Kb5 Nb2 68. c5 a4 69. c6 a3 70. Nd4 a2 71. Nb3 Nd1 72. c7
Nc3+ 73. Kc6 Ne2 74. Na1 Nd4+ 75. Kb6 1-0

[Event "Thüringenliga 2011/2012"]
[Site "?"]
[Date "2012.04.01"]
[Round "8"]
[White "Strauch, Martin"]
[Black "Piontek, Michael"]
[Result "1/2-1/2"]
[WhiteElo "1731"]
[BlackElo "1851"]
[PlyCount "32"]
[EventDate "2011.??.??"]
[WhiteTeam "SV Empor Erfurt"]
[BlackTeam "VfL 1990 Gera"]

1. e4 e6 2. d3 d5 3. Nd2 Nf6 4. Ngf3 Bc5 5. e5 Nfd7 6. d4 Be7 7. Bd3 c5 8. c3
Nc6 9. O-O Qb6 10. Qa4 O-O 11. Re1 a6 12. Nf1 cxd4 13. cxd4 Qb4 14. Qd1 f6 15.
a3 Qb6 16. exf6 Nxf6 1/2-1/2

[Event "Thüringenliga 2011/2012"]
[Site "?"]
[Date "2012.04.01"]
[Round "8"]
[White "Walther, Thomas"]
[Black "Renner, Wolfgang"]
[Result "1/2-1/2"]
[WhiteElo "1839"]
[BlackElo "1764"]
[PlyCount "85"]
[EventDate "2011.??.??"]
[WhiteTeam "VfL 1990 Gera"]
[BlackTeam "SV Empor Erfurt"]

1. e4 d5 2. exd5 Nf6 3. Bb5+ Bd7 4. Bc4 b5 5. Bb3 Bf5 6. d3 Nxd5 7. Qf3 e6 8.
Ne2 c6 9. Nbc3 Bg6 10. O-O Be7 11. Nf4 O-O 12. Nxg6 hxg6 13. Ne4 Nd7 14. c4
bxc4 15. dxc4 N5b6 16. Be3 Ne5 17. Qe2 Qd3 18. Qxd3 Nxd3 19. Bd4 Rad8 20. Bc3
Bb4 21. Bxb4 Nxb4 22. Rfd1 a5 23. Nc5 Ra8 24. a3 Na6 25. Na4 Rab8 26. Rd2 Rfc8
27. Rad1 Nxa4 28. Bxa4 Nc5 29. b3 Nxa4 30. bxa4 Rb3 31. Kf1 Rc3 32. Rd4 Kf8 33.
R1d3 Rxd3 34. Rxd3 Ke7 35. Ke2 Rb8 36. Ke3 Rb7 37. h3 f6 38. g3 g5 39. Ke4 Rb8
40. Ke3 g6 41. g4 Rh8 42. Ke2 Rb8 43. Ke3 1/2-1/2

[Event "Thüringenliga 2011/2012"]
[Site "?"]
[Date "2012.04.29"]
[Round "9"]
[White "Manicke, Hans-Joachim"]
[Black "Kuntze, Andreas"]
[Result "0-1"]
[WhiteElo "1921"]
[BlackElo "2025"]
[PlyCount "124"]
[EventDate "2011.??.??"]
[WhiteTeam "VfL 1990 Gera"]
[BlackTeam "SC 51 Nordhausen"]

1. b4 d6 2. Bb2 e5 3. e3 f5 4. c4 Nf6 5. Nf3 Be7 6. Be2 O-O 7. O-O Qe8 8. Qb3
Kh8 9. Rc1 Be6 10. Qc2 Nbd7 11. c5 Qg6 12. Na3 Bd5 13. Nb5 Be4 14. d3 Bxf3 15.
Bxf3 e4 16. Be2 Nd5 17. Qc4 c6 18. Nxd6 Bxd6 19. cxd6 Rae8 20. b5 f4 21. dxe4
Rxe4 22. Qd3 fxe3 23. f3 Nf4 24. g3 Nxd3 25. Bxd3 Rxf3 26. bxc6 bxc6 27. Rxc6
Rxg3+ 28. Kh1 h5 29. hxg3 h4 30. Rc8+ Kh7 31. Bxe4 Qxe4+ 32. Kh2 e2 33. Bc3
hxg3+ 34. Kxg3 Qe3+ 35. Kg2 Qe4+ 36. Kf2 Nf6 37. Bxf6 gxf6 38. d7 Qd4+ 39. Kxe2
Qxd7 40. Rh1+ Kg6 41. Rch8 Qe6+ 42. Kd2 Qxa2+ 43. Ke3 Qb3+ 44. Kf4 Qc4+ 45. Ke3
Qc3+ 46. Ke2 a5 47. R1h6+ Kf5 48. Rh3 Qc2+ 49. Ke1 a4 50. R8h5+ Kg6 51. Rh6+
Kg7 52. R6h4 Qc1+ 53. Ke2 a3 54. Rh1 Qc2+ 55. Ke3 a2 56. Rg4+ Kf7 57. Rgg1 Ke6
58. Rc1 Qb3+ 59. Kd2 Qb4+ 60. Kd3 f5 61. Rhe1+ Kd5 62. Kc2 Kc4 0-1

[Event "Thüringenliga 2011/2012"]
[Site "?"]
[Date "2012.04.29"]
[Round "9"]
[White "Anisheva, Varvara"]
[Black "Seidens, Gunter"]
[Result "0-1"]
[WhiteElo "1993"]
[BlackElo "2017"]
[PlyCount "136"]
[EventDate "2011.??.??"]
[WhiteTeam "SC 51 Nordhausen"]
[BlackTeam "VfL 1990 Gera"]

1. g3 d6 2. Bg2 g6 3. d3 Bg7 4. Nf3 Nc6 5. c3 Nf6 6. O-O Bd7 7. Qb3 Qc8 8. e4
O-O 9. Re1 e5 10. Nbd2 Rb8 11. Nf1 Be6 12. Qc2 a6 13. Bg5 Bh3 14. Qd2 Bxg2 15.
Kxg2 Ng4 16. h3 Nf6 17. Bh6 Qe8 18. Nh4 Bxh6 19. Qxh6 Kh8 20. Nf5 Rg8 21. Qg5
Nd7 22. Nh6 Rg7 23. Nh2 f6 24. Qd2 Qf8 25. g4 Nd8 26. h4 Ne6 27. Kh1 Nf4 28.
Re3 d5 29. Rf3 dxe4 30. dxe4 Nc5 31. Rxf4 Rd8 32. Qe3 exf4 33. Qxf4 Qd6 34. Qe3
Re7 35. f3 Ne6 36. g5 fxg5 37. hxg5 Qf4 38. Qxf4 Nxf4 39. N2g4 Rd2 40. b3 Kg7
41. Nf6 c6 42. Rf1 Re5 43. Rg1 Nh3 44. Rg3 Rxg5 45. Rxh3 Kxf6 46. Ng4+ Kg7 47.
Ne3 Rh5 48. Rxh5 gxh5 49. Nc4 Rxa2 50. b4 Rf2 51. Na5 Rxf3 52. c4 Re3 53. Nxb7
Rxe4 54. Na5 Re6 55. Nb3 Kf6 56. Nc5 Re1+ 57. Kg2 Rc1 58. Nxa6 Rxc4 59. Kh3 Kg5
60. Nb8 Kf5 61. Na6 Ke5 62. Kg3 Kd6 63. Kh3 h4 64. Kh2 Kd7 65. Kg2 Kc8 66. Kh3
Kb7 67. Nc5+ Rxc5 68. bxc5 Ka6 0-1

[Event "Thüringenliga 2011/2012"]
[Site "?"]
[Date "2012.04.29"]
[Round "9"]
[White "Kretzschmar, Bernd"]
[Black "Koksch, Robert"]
[Result "1/2-1/2"]
[WhiteElo "1879"]
[BlackElo "1909"]
[PlyCount "83"]
[EventDate "2011.??.??"]
[WhiteTeam "VfL 1990 Gera"]
[BlackTeam "SC 51 Nordhausen"]

1. e4 c6 2. d3 d5 3. Nd2 dxe4 4. dxe4 Nd7 5. Ngf3 Qc7 6. Bc4 e6 7. O-O b5 8.
Be2 Bb7 9. a4 a6 10. Re1 Bd6 11. c3 Ne7 12. Bf1 Ng6 13. Nb3 O-O 14. axb5 axb5
15. Rxa8 Bxa8 16. Nbd4 Nde5 17. Ng5 Bc5 18. b4 Bb6 19. Qh5 h6 20. Nh3 Rd8 21.
Be3 Qa7 22. Rd1 Qa4 23. Re1 Rd7 24. g3 Nc4 25. Bxc4 bxc4 26. Nxe6 Bxe3 27. fxe3
Qc2 28. Nc5 Rd2 29. Nf4 Nxf4 30. gxf4 Rg2+ 31. Kh1 Rg6 32. Qe2 Qxc3 33. Rd1
Qxb4 34. f5 Rf6 35. Rd8+ Kh7 36. Nd7 Qb1+ 37. Kg2 Qxe4+ 38. Kg3 Rxf5 39. Nf8+
Kg8 40. Ne6+ Kh7 41. Nf8+ Kg8 42. Ne6+ 1/2-1/2

[Event "Thüringenliga 2011/2012"]
[Site "?"]
[Date "2012.04.29"]
[Round "9"]
[White "Schilling, Rolf"]
[Black "Huster, Mike"]
[Result "1/2-1/2"]
[WhiteElo "1960"]
[BlackElo "1908"]
[PlyCount "89"]
[EventDate "2011.??.??"]
[WhiteTeam "SC 51 Nordhausen"]
[BlackTeam "VfL 1990 Gera"]

1. d4 Nf6 2. Nc3 d6 3. e4 g6 4. Bg5 Bg7 5. e5 Ng8 6. Nf3 dxe5 7. dxe5 Qxd1+ 8.
Rxd1 c6 9. h3 Nd7 10. Bf4 Nc5 11. Bc4 Be6 12. Bb3 Bxb3 13. axb3 Ne6 14. Bh2 Nh6
15. O-O Rd8 16. Rxd8+ Kxd8 17. Ne4 Kc8 18. Rd1 Rd8 19. Rxd8+ Kxd8 20. Neg5 Nf8
21. g4 f6 22. exf6 exf6 23. Ne4 Nf7 24. c3 Ne6 25. Nfd2 Kd7 26. Kf1 f5 27. gxf5
gxf5 28. Ng3 Be5 29. Nf3 f4 30. Nxe5+ Nxe5 31. Nh5 Nf3 32. Bxf4 Nxf4 33. Nxf4
Nd2+ 34. Ke2 Nxb3 35. Nd3 Kd6 36. Ke3 c5 37. f4 b5 38. Ke4 c4 39. Nf2 Nc5+ 40.
Kd4 Nb3+ 41. Ke3 a5 42. Ne4+ Ke6 43. Ng5+ Kf5 44. Ne4 Ke6 45. Ng5+ 1/2-1/2

[Event "Thüringenliga 2011/2012"]
[Site "?"]
[Date "2012.04.29"]
[Round "9"]
[White "Richter, Sven"]
[Black "Königsmann, Marcus"]
[Result "1-0"]
[WhiteElo "1948"]
[BlackElo "1883"]
[PlyCount "79"]
[EventDate "2011.??.??"]
[WhiteTeam "VfL 1990 Gera"]
[BlackTeam "SC 51 Nordhausen"]

1. c4 e5 2. Nc3 Nf6 3. g3 d6 4. Bg2 Be7 5. Nf3 c6 6. d3 Be6 7. O-O Qc8 8. c5
Bh3 9. cxd6 Bxg2 10. Kxg2 Bxd6 11. Bg5 Nbd7 12. Rc1 O-O 13. Qc2 h6 14. Bd2 Qe8
15. Nh4 Qe6 16. Rcd1 Nh5 17. e4 g5 18. Nf5 Ng7 19. Nxd6 Qxd6 20. Be3 Ne6 21. h4
f6 22. Rh1 Kg7 23. Ne2 Nd4 24. Bxd4 exd4 25. f4 c5 26. Rdf1 Qe6 27. b3 b5 28.
Qd2 Qg4 29. Qd1 f5 30. hxg5 hxg5 31. fxg5 Qxg5 32. Nf4 Rae8 33. Rh5 Qg4 34.
Qxg4+ fxg4 35. Rg5+ Kf6 36. Rf5+ Kg7 37. Rg5+ Kf6 38. Rd5 Re7 39. Rd6+ Ke5 40.
Rxd7 1-0

[Event "Thüringenliga 2011/2012"]
[Site "?"]
[Date "2012.04.29"]
[Round "9"]
[White "Reichardt, Hans-Ulrich"]
[Black "Schönfeld, Volker"]
[Result "0-1"]
[WhiteElo "1701"]
[BlackElo "1856"]
[PlyCount "48"]
[EventDate "2011.??.??"]
[WhiteTeam "SC 51 Nordhausen"]
[BlackTeam "VfL 1990 Gera"]

1. g4 d5 2. Bg2 c6 3. g5 e5 4. d3 Bd6 5. c3 Be6 6. e4 Ne7 7. Be3 c5 8. Nf3 Nbc6
9. h4 d4 10. Bc1 Qa5 11. Qc2 Rc8 12. Nbd2 Ng6 13. Nf1 c4 14. Ng3 dxc3 15. bxc3
Nd4 16. Nxd4 exd4 17. Bd2 Bxg3 18. fxg3 cxd3 19. Qxd3 dxc3 20. Bf4 Nxf4 21.
gxf4 c2+ 22. Kf2 O-O 23. Qe3 Rc3 24. Qe1 Qc5+ 0-1

[Event "Thüringenliga 2011/2012"]
[Site "?"]
[Date "2012.04.29"]
[Round "9"]
[White "Viererbe, Hartmut"]
[Black "Fijalkowski, Jürgen"]
[Result "0-1"]
[WhiteElo "1610"]
[BlackElo "1815"]
[PlyCount "116"]
[EventDate "2011.??.??"]
[WhiteTeam "SC 51 Nordhausen"]
[BlackTeam "VfL 1990 Gera"]

1. Nf3 Nf6 2. c4 d6 3. d4 c6 4. Nc3 Bf5 5. Qb3 Qb6 6. Bf4 Nbd7 7. e3 h6 8. h3
Bh7 9. Be2 Ne4 10. O-O g5 11. Bh2 Bg7 12. Nxe4 Bxe4 13. Rac1 O-O 14. Nd2 Bg6
15. Qxb6 axb6 16. a3 c5 17. Nb3 Rfc8 18. Rfd1 Rc7 19. Bd3 Bxd3 20. Rxd3 Rac8
21. Nd2 Nf8 22. b3 cxd4 23. exd4 b5 24. Rb1 Ra8 25. c5 Rd7 26. cxd6 exd6 27. b4
d5 28. f4 Ne6 29. Nf3 gxf4 30. Rf1 Rd6 31. Ne5 Rda6 32. Rff3 Ng5 33. Rxf4 Rxa3
34. Rxa3 Rxa3 35. h4 Ne6 36. Rg4 h5 37. Rg3 Rxg3 38. Bxg3 Nxd4 39. Nd3 Nc2 40.
Bd6 Bf8 41. Bxf8 Kxf8 42. Kf2 Kg7 43. Kf3 Kf6 44. Kf4 Nd4 45. g3 Ne6+ 46. Ke3
Kf5 47. Nf2 Nd8 48. Kf3 Nc6 49. Nd3 Ne5+ 50. Nxe5 Kxe5 51. g4 hxg4+ 52. Kxg4 d4
53. Kf3 Kf5 54. h5 Kg5 55. Ke4 Kxh5 56. Kxd4 f5 57. Ke3 Kg4 58. Kf2 Kf4 0-1

[Event "Thüringenliga 2011/2012"]
[Site "?"]
[Date "2012.04.29"]
[Round "9"]
[White "Müller, Michael"]
[Black "Buring, Matthias"]
[Result "1-0"]
[WhiteElo "2218"]
[BlackElo "1924"]
[PlyCount "67"]
[EventDate "2011.??.??"]
[WhiteTeam "SSV Vimaria 91 Weimar"]
[BlackTeam "SG Arnstadt-Stadtilm"]

1. c4 e6 2. Nf3 d5 3. d4 c6 4. Nc3 Bd6 5. Bg5 f6 6. Bd2 f5 7. Bg5 Nf6 8. e3 a6
9. a4 Nbd7 10. Bd3 O-O 11. O-O Qe8 12. Re1 Qh5 13. Bf4 Bxf4 14. exf4 Ne4 15.
Ng5 Qh6 16. Qc1 Qf6 17. Ne2 Re8 18. Ra3 h6 19. Nh3 b6 20. cxd5 exd5 21. f3 Nd6
22. Qxc6 Bb7 23. Qc3 Rac8 24. Qd2 Nf8 25. Rc3 Ne6 26. Rxc8 Rxc8 27. Qb4 Rc6 28.
Nf2 a5 29. Qb3 Kh8 30. Rd1 Nxd4 31. Nxd4 Qxd4 32. Bb5 Nxb5 33. axb5 Qc4 34.
bxc6 1-0

[Event "Thüringenliga 2011/2012"]
[Site "?"]
[Date "2012.04.29"]
[Round "9"]
[White "Seidel, Thomas"]
[Black "Albrecht, Jürgen"]
[Result "1-0"]
[WhiteElo "1945"]
[BlackElo "2075"]
[PlyCount "61"]
[EventDate "2011.??.??"]
[WhiteTeam "SG Arnstadt-Stadtilm"]
[BlackTeam "SSV Vimaria 91 Weimar"]

1. e4 c5 2. Nf3 Nc6 3. Nc3 d6 4. Be2 Nf6 5. d4 cxd4 6. Nxd4 e5 7. Nb3 Be6 8.
Be3 Be7 9. O-O O-O 10. Qd2 a6 11. Rad1 b5 12. f3 Qb8 13. Nd5 Bd8 14. Nxf6+ Bxf6
15. Qxd6 Qxd6 16. Rxd6 Nb4 17. c3 Nc2 18. Bc1 Be7 19. Rxe6 fxe6 20. Bd1 Nb4 21.
cxb4 Bxb4 22. Be3 Rac8 23. a3 Be7 24. Nc1 Rfd8 25. Bb3 Rc6 26. Rd1 Rxd1+ 27.
Bxd1 a5 28. Kf2 Kf7 29. Nd3 Kf6 30. Bd2 a4 31. Bc3 1-0

[Event "Thüringenliga 2011/2012"]
[Site "?"]
[Date "2012.04.29"]
[Round "9"]
[White "Günther, Andreas"]
[Black "Schätz, Bianca"]
[Result "0-1"]
[WhiteElo "2143"]
[BlackElo "1785"]
[PlyCount "132"]
[EventDate "2011.??.??"]
[WhiteTeam "SSV Vimaria 91 Weimar"]
[BlackTeam "SG Arnstadt-Stadtilm"]

1. e4 c5 2. Nf3 Nc6 3. Bb5 g6 4. O-O Bg7 5. c3 Nf6 6. Re1 O-O 7. h3 Qc7 8. d4
cxd4 9. cxd4 d5 10. e5 Nd7 11. Nc3 Nb6 12. Bg5 f6 13. exf6 exf6 14. Bh4 Ne7 15.
Rc1 Qd8 16. Bg3 Bd7 17. Qb3 Bc6 18. Re6 Qd7 19. Rd6 Qe8 20. Re1 Qf7 21. Rde6
Rfe8 22. Bxc6 bxc6 23. Na4 Nxa4 24. Qxa4 Bf8 25. Qa6 Rec8 26. Bd6 Nf5 27. Bxf8
Kxf8 28. Rxc6 Rxc6 29. Qxc6 Rd8 30. Qe6 Qxe6 31. Rxe6 Kf7 32. Rc6 Rd7 33. g4
Ng7 34. g5 Ne6 35. h4 Rb7 36. b3 Rb6 37. Rxb6 axb6 38. a4 f5 39. b4 Ke7 40. Kf1
Nf4 41. Ne1 Kd7 42. f3 Kc6 43. Kf2 b5 44. a5 Ne6 45. Ke3 Nd8 46. Nd3 Kd6 47. a6
Kc7 48. Kf4 Nc6 49. Nc5 Kb6 50. Nd7+ Kxa6 51. Nf8 Nxb4 52. Nxh7 Nc6 53. Nf6 Ne7
54. h5 gxh5 55. Nxh5 b4 56. Ke3 Kb5 57. Nf4 Kc4 58. Ne2 b3 59. Kd2 b2 60. Kc2
b1=Q+ 61. Kxb1 Kd3 62. Ng3 Kxd4 63. Kc2 Ke3 64. g6 Kxf3 65. Nh5 Nxg6 66. Kd3
Nf4+ 0-1

[Event "Thüringenliga 2011/2012"]
[Site "?"]
[Date "2012.04.29"]
[Round "9"]
[White "Schumacher, Andreas"]
[Black "Rensch, Toralf"]
[Result "0-1"]
[WhiteElo "1688"]
[BlackElo "2028"]
[PlyCount "48"]
[EventDate "2011.??.??"]
[WhiteTeam "SG Arnstadt-Stadtilm"]
[BlackTeam "SSV Vimaria 91 Weimar"]

1. d4 Nf6 2. c4 e5 3. dxe5 Ng4 4. Nf3 Bc5 5. e3 Nc6 6. a3 a5 7. Be2 Ngxe5 8.
Nxe5 Nxe5 9. O-O d6 10. Nd2 O-O 11. Nf3 Qe7 12. Qc2 f5 13. Bd2 Bd7 14. Bc3 Bc6
15. Kh1 a4 16. Nd4 Bxd4 17. Bxd4 b6 18. Rg1 Ng4 19. Bxg4 fxg4 20. Raf1 Ra5 21.
Qe2 Qh4 22. f3 Rh5 23. h3 gxf3 24. Qf2 fxg2+ 0-1

[Event "Thüringenliga 2011/2012"]
[Site "?"]
[Date "2012.04.29"]
[Round "9"]
[White "Riedel, Finn"]
[Black "Wölfing, Jens"]
[Result "1-0"]
[WhiteElo "2027"]
[BlackElo "1450"]
[PlyCount "67"]
[EventDate "2011.??.??"]
[WhiteTeam "SSV Vimaria 91 Weimar"]
[BlackTeam "SG Arnstadt-Stadtilm"]

1. e4 e5 2. Nf3 d6 3. d4 exd4 4. Qxd4 Nc6 5. Bb5 Bd7 6. Bxc6 Bxc6 7. Nc3 Nf6 8.
O-O Be7 9. Re1 O-O 10. h3 Re8 11. Bf4 Nd7 12. Nd5 Bf8 13. Bg5 f6 14. Bh4 Nb6
15. Bxf6 Qd7 16. Bh4 Qf7 17. Ng5 Qd7 18. Qd3 h6 19. Nf3 Qf7 20. c4 g5 21. Bg3
Bg7 22. Nd4 Nxd5 23. cxd5 Bd7 24. Rac1 Rac8 25. Rc2 Qf6 26. Nb5 Qd8 27. Nxa7
Ra8 28. Nb5 Bxb5 29. Qxb5 Rxa2 30. Rxc7 Qxc7 31. Qxe8+ Kh7 32. Qe6 Rxb2 33.
Bxd6 Qb6 34. Qf5+ 1-0

[Event "Thüringenliga 2011/2012"]
[Site "?"]
[Date "2012.04.29"]
[Round "9"]
[White "Jank, Kevin"]
[Black "Philipp, Michael"]
[Result "0-1"]
[WhiteElo "1581"]
[BlackElo "1936"]
[PlyCount "86"]
[EventDate "2011.??.??"]
[WhiteTeam "SG Arnstadt-Stadtilm"]
[BlackTeam "SSV Vimaria 91 Weimar"]

1. e4 c5 2. Nf3 Nc6 3. d4 cxd4 4. Nxd4 g6 5. Nxc6 bxc6 6. Qd4 Nf6 7. e5 Nd5 8.
e6 f6 9. exd7+ Bxd7 10. Bc4 e5 11. Qd1 Bf5 12. c3 Bg7 13. Nd2 O-O 14. O-O Qb6
15. Nb3 Rfd8 16. Be3 Qc7 17. Qf3 Kh8 18. Bc5 Nb6 19. Be2 Be6 20. Rad1 Bd5 21.
Qg3 Qf7 22. Qd3 Rd7 23. Qa6 Rb8 24. Bxb6 axb6 25. Qd3 f5 26. c4 Be6 27. Qc2
Rbd8 28. Rxd7 Rxd7 29. Rd1 Bf6 30. Rxd7 Qxd7 31. Qd2 e4 32. Qf4 Kg7 33. Qc1 Be5
34. Qc2 Kf6 35. Nd2 Qd4 36. b3 Qb2 37. Qxb2 Bxb2 38. Nf1 f4 39. g3 f3 40. Bd1
Bc1 41. Ne3 Ke5 42. Nc2 Bd2 43. h4 Bh3 0-1

[Event "Thüringenliga 2011/2012"]
[Site "?"]
[Date "2012.04.29"]
[Round "9"]
[White "Gulich, Christian"]
[Black "Risch, Stefan"]
[Result "1-0"]
[WhiteElo "1963"]
[BlackElo "1165"]
[PlyCount "49"]
[EventDate "2011.??.??"]
[WhiteTeam "SSV Vimaria 91 Weimar"]
[BlackTeam "SG Arnstadt-Stadtilm"]

1. e4 e6 2. d4 d5 3. Nc3 c5 4. exd5 exd5 5. dxc5 d4 6. Ne4 Bf5 7. Bd3 Nf6 8.
Ng3 Bxd3 9. Qxd3 a6 10. Nf5 Nc6 11. Nf3 Qa5+ 12. Bd2 Qxc5 13. Qe2+ Ne7 14.
N5xd4 O-O-O 15. Nb3 Qc6 16. O-O h5 17. Ng5 Qd5 18. c4 Qc6 19. Nxf7 Rh7 20. Nxd8
Kxd8 21. Rfe1 h4 22. Nd4 Qc8 23. Ne6+ Ke8 24. Bb4 h3 25. Nxf8 1-0

[Event "Thüringenliga 2011/2012"]
[Site "?"]
[Date "2012.04.29"]
[Round "9"]
[White "Bräuer, Franz"]
[Black "du Maire, Jérôme"]
[Result "1/2-1/2"]
[WhiteElo "2261"]
[BlackElo "1987"]
[PlyCount "77"]
[EventDate "2011.??.??"]
[WhiteTeam "SV Jenapharm Jena"]
[BlackTeam "SV 1861 Liebschwitz"]

1. e4 e6 2. d4 d5 3. Nd2 Nc6 4. Ngf3 Nf6 5. e5 Nd7 6. Nb3 a5 7. a4 Be7 8. h4 f6
9. Bb5 O-O 10. Qe2 fxe5 11. dxe5 Rxf3 12. Qxf3 Ncxe5 13. Qg3 c6 14. Be2 Nf7 15.
Bd2 Bd6 16. Qh3 Nf6 17. g4 e5 18. Qg2 Ne4 19. Be3 Bb4+ 20. c3 Nxc3 21. bxc3
Bxc3+ 22. Bd2 Bxa1 23. Nxa1 Be6 24. Qg3 Qd6 25. g5 e4 26. g6 hxg6 27. Qxg6 Ne5
28. Qg3 Nd3+ 29. Bxd3 Qxg3 30. fxg3 exd3 31. O-O c5 32. Nb3 b6 33. Re1 Kf7 34.
Re3 c4 35. Nd4 Bd7 36. Re5 Bxa4 37. Rxd5 Bc2 38. Nb5 a4 39. Na3 1/2-1/2

[Event "Thüringenliga 2011/2012"]
[Site "?"]
[Date "2012.04.29"]
[Round "9"]
[White "Zeidler, Andreas"]
[Black "Neidig, Stefan"]
[Result "0-1"]
[WhiteElo "2119"]
[BlackElo "2092"]
[PlyCount "84"]
[EventDate "2011.??.??"]
[WhiteTeam "SV 1861 Liebschwitz"]
[BlackTeam "SV Jenapharm Jena"]

1. d4 Nf6 2. c4 g6 3. Nc3 d5 4. e3 Bg7 5. Nf3 O-O 6. cxd5 Nxd5 7. Bc4 Nxc3 8.
bxc3 c5 9. O-O Nc6 10. h3 Na5 11. Bd3 Be6 12. Qe2 cxd4 13. cxd4 Rc8 14. Nd2 a6
15. Ba3 b5 16. Bb4 Nc6 17. Bc5 Ne5 18. Be4 Nc4 19. Rad1 Nd6 20. Bb1 f5 21. Rc1
Bd5 22. f3 Bh6 23. Rfe1 Rf6 24. Rc3 Re6 25. Qf2 Nb7 26. e4 Nxc5 27. exd5 Rxe1+
28. Qxe1 Bxd2 29. Qxd2 Na4 30. Rc6 Rxc6 31. dxc6 Qb6 32. Qc2 Qxd4+ 33. Kh1 Nc3
34. c7 Qc5 35. a3 Qxc7 36. Ba2+ Kg7 37. Bb3 Qe5 38. Qd2 Ne2 39. Qd8 Qe3 40.
Qg8+ Kh6 41. Qf8+ Kh5 42. g4+ Kh4 0-1